| 000 | 01320cam a2200301 4500 | ||
|---|---|---|---|
| 001 | ##L132516 | ||
| 002 | ##6142 | ||
| 008 | 010726n2005 000 0 eng u | ||
| 020 | _a1904388515 | ||
| 035 | _a(Sirsi) u132516 | ||
| 041 | 0 | _aeng | |
| 050 | 0 | 4 | _a333.73 $2 18 |
| 100 | 1 | _aWilbourn, Philip | |
| 245 | 0 | 4 |
_aThe contaminated land regime _bimpacts on the property industry and estate management issues: CPD study pack |
| 250 | _a3rd ed. | ||
| 260 |
_aReading _bCollege of Estate Management _c2005 |
||
| 350 | _a55.50 | ||
| 490 | 0 | _aCollege of Estate Management CPD Study Pack | |
| 520 | _aIntroduces the contaminated land regime and its legal background. Defines contaminated land. Examines the role of the local authority, the impact of the regime on the practitioner, and contamination and estate management. Provides further reading and multiple choice questions. | ||
| 520 | _aNo audio tape or CD accompanies this pack | ||
| 520 | _aSupersedes 2004 edition (ISBN 1904388221). | ||
| 590 | _aIKA280306 | ||
| 650 | 2 | 4 | _aENVIRONMENTAL PROTECTION ACT 1990 PART IIA |
| 690 | _aPROPERTY-RURAL AND NATURAL ASSETS-LAND-CONTAMINATED LAND | ||
| 710 | 2 |
_aCollege of Estate Management _9400 |
|
| 856 | 4 | 8 |
_uhttps://www.rics.org/library _zAudio Visual materials can only be used in the library. |
| 942 | _n0 | ||
| 999 |
_c85438 _d85438 |
||